| 000 | 01007nam a2200301 i 4500 | ||
|---|---|---|---|
| 001 | bg | ||
| 100 | 1 |
_aJames, Henry _d(1843-1916). |
|
| 245 | 1 | 0 |
_aPortret damy / _cHenry James ; przekł. Maria Skibniewska. |
| 246 | 1 |
_iTyt. oryg.: _aPortrait of a Lady |
|
| 260 |
_a[s.l.] : _bMediasat Group, _c2005. |
||
| 300 |
_a607, [1] s. ; _c21 cm. |
||
| 490 | 1 |
_aBiblioteka Gazety Wyborczej : XIX wiek ; _v12 |
|
| 500 | _aTyt. oryg.: "The portrait of a lady". | ||
| 500 | _aWyd. we współpr. merytorycznej z Zakładem Narodowym im. Ossolińskich - Wydawnictwo, Wrocław. | ||
| 650 | 9 |
_aPowieść amerykańska _y19 w. |
|
| 700 | 1 |
_aSkibniewska, Maria _d(1904-1984). _eTł. |
|
| 830 | 0 |
_aBiblioteka Gazety Wyborczej ; _v12 |
|
| 020 | _a8498191645 (całość) | ||
| 020 | _a8498191831 | ||
| 040 | _cBPK | ||
| 041 | 1 |
_apol _heng |
|
| 044 | _aPOL | ||
| 080 | _a821.111(73)-3 | ||
| 920 | _a84-9819-164-5 (całość) | ||
| 920 | _a84-9819-183-1 | ||
| 942 | _cKS | ||
| 008 | s pl f |000 0 pol | ||
| 999 |
_c55699 _d55699 |
||
| 856 |
_uhttp://koha.tu.koszalin.pl/cgi-bin/koha/opac-detail.pl?biblionumber=55699 _yKatalog online BPK |
||